Rastrojos sobre el suelo : una introducción a la cero labranza /
Guardado en:
| Autor Principal: | |
|---|---|
| Formato: | Libro |
| Publicado: |
Santiago de Chile :
Editorial Universitaria,
1992
|
| Materias: | |
| Etiquetas: |
Agregar Etiqueta
Sin Etiquetas, Sea el primero en etiquetar este registro!
|
| LEADER | 02574nam a22002175a 4500 | ||
|---|---|---|---|
| 001 | CEM.cems016661 | ||
| 005 | 20120312100247.0 | ||
| 008 | 130507s1992##################000#0#####d | ||
| 003 | CEMS | ||
| 020 | |a 9562270393 | ||
| 082 | 0 | 4 | |a 631.45 |
| 100 | 1 | |a Crovetto Lamarca, Carlos | |
| 245 | 1 | 0 | |a Rastrojos sobre el suelo : |b una introducción a la cero labranza / |c Carlos Crovetto Lamarca |
| 260 | |a Santiago de Chile : |b Editorial Universitaria, |c 1992 | ||
| 300 | |a 301 p. | ||
| 505 | 0 | |a Conservar para producir -- Por qé la cero labranza -- Suelos aptos -- Cultivos aptos -- Cultivos de verano -- Cultivos de invierno -- Praderas artificiales -- Huertos, frutales y viñedos -- La cero labranza en secano y riego -- Secano -- Riego -- La mecanización en la cero labranza -- Cosechadoras -- Picadoras de rastrojos -- Picadoras de forrajes -- Picadoras horizontales -- Cortadoras de rastrojos -- Enfardadoras -- Aplicadoras de herbicidas -- Aplicadoras de fertilizantes -- Encaladoras -- Sembradoras cero labranza -- Regeneradoras de praderas -- Cultivadoras superficiales rotativas -- El manejo de la cero labranza -- Los suelos inclinados y sus manejos -- El microrelieve -- Clasificación de los suelos y la capacidad de uso -- Manejo de rastrojo -- Alelopatía -- El uso del fuego -- Relación carbono-nitrógeno -- Control de malezas -- Sistémicos presiembra -- Residuales selectivos -- Sistémicos residuales -- Control de malezas -- Los herbicidas y la microbiología del suelo -- La fertilización en cero labranza -- Factores que limitan y favorecen la producción en cero labranza -- Humedad y temperatura del suelo -- Acidez del suelo -- El nitrógeno -- Enfermedades y plagas -- Babosas -- La mosca de frejol -- Zancudo patón de trigo o típula -- Gusano blanco -- El monocultivo -- La cero labranzsa y su influencia en algunos parámetros naturales del suelo -- Control de la erosión y aumento de la materia orgánica -- Mejoramiento de las características físicas del suelo -- Mejoramiento de las características químicas -- Mejoramiento de las características biológicas del suelo -- La cero labranza y el hongo de mal del pie en siembras de trigo -- Productividad y rentabilidad -- Chequén y la cero labranza -- El valor de lo que se pierde -- El valor de lo que se gana -- Recursos propios y su utilización -- Costos y rentabilidad en la producción de trigo y maíz | |
| 653 | |a Suelos | ||
| 653 | |a Conservación de suelos | ||
| 653 | |a Suelos-conservación | ||
| 653 | |a Cero labranza | ||
| 859 | |a CEMS |b BIB. CEMS - Agricultura |h 631.45 |i C744 |p A18766.95 |t Ej.1 | ||
